000 01476nam a2200397 a 4500
001 ebr10583814
003 CaPaEBR
006 m u
007 cr cn|||||||||
008 120214s2012 nbu sb 000 0aeng d
010 _z 2012003416
020 _z9780803271425
020 _z9780803271449 (e-book)
040 _aCaPaEBR
_cCaPaEBR
035 _a(OCoLC)808215605
043 _an-us---
050 1 4 _aPE64.C37
_bA3 2012eb
082 0 4 _a420/.92
_aB
_223
100 1 _aCastro, Joy.
245 1 0 _aIsland of bones
_h[electronic resource] :
_bessays /
_cJoy Castro.
260 _aLincoln :
_bUniversity of Nebraska Press,
_cc2012.
300 _a132 p.
490 1 _aAmerican lives
504 _aIncludes bibliographical references.
533 _aElectronic reproduction.
_bPalo Alto, Calif. :
_cebrary,
_d2013.
_nAvailable via World Wide Web.
_nAccess may be limited to ebrary affiliated libraries.
600 1 0 _aCastro, Joy
_xFamily.
600 1 0 _aCastro, Joy
_xChildhood and youth.
650 0 _aEnglish teachers
_zUnited States
_vBiography.
650 0 _aJehovah's Witnesses
_vBiography.
650 0 _aAbused children
_zUnited States
_vBiography.
650 0 _aChildren of divorced parents
_zUnited States
_vBiography.
655 7 _aElectronic books.
_2local
710 2 _aebrary, Inc.
830 0 _aAmerican lives.
856 4 0 _uhttp://site.ebrary.com/lib/rucke/Doc?id=10583814
_zAn electronic book accessible through the World Wide Web; click to view
999 _c82774
_d82774